000
00314nam a22001337a 4500
008
170313b xxu||||| |||| 00| 0 eng d
020
_a
0812111346
041
_a
eng
080
_2
4 ED
_a
591
100
_a
7
101
_a
SHM
245
_a
VETERINARY ENDOCRINOLODY AND REPRODUCRION
_c
MCDONALD.LE
942
_2
udc
_c
BK
999
_c
7658
_d
7658